000 00510nam a2200181Ia 4500
001 9667
005 20260306161735.0
008 260306t2007||||xx |||||||||||||| ||spa||
041 _aESP
082 _a388.4
_bU61
100 _aUn-Habitat Programa de las Naciones Unidas para Asentamientos Humanos
_eAUT
245 0 _aPolíticas para la gestión de la movilidad urbana en Arequipa 2007
260 _c2007
300 _a92 páginas :
_c26 cm.
650 _aGEN
654 _aCHU
942 _cLIB
_dJUS
_fJUS
_2ddc
_n
999 _c9667
_d9667